[Event "Lichtenberger Sommer 2024"]
[Site "Berlin"]
[Date "2024.08.12"]
[Round "3.1"]
[White "Das, Soham"]
[Black "Moser, Axel"]
[Result "1/2-1/2"]
[WhiteElo "2334"]
[BlackElo "2097"]
[PlyCount "158"]
[EventDate "2024.08.10"]
[WhiteTeam "SK Tarrasch 1945 München"]
[BlackTeam "SC Freibauer Hofstetten"]

1. d4 Nf6 2. Nc3 d5 3. Bf4 c5 4. e4 Nxe4 5. Nxe4 dxe4 6. dxc5 Qa5+ 7. c3 Qxc5
8. Qa4+ Nc6 9. Qxe4 g6 10. Nf3 Bg7 11. Qe3 Qxe3+ 12. Bxe3 O-O 13. Be2 Bf5 14.
O-O Rfd8 15. Rfd1 Bc2 16. Rd2 Rxd2 17. Nxd2 Rd8 18. a4 Ne5 19. Nf3 Nc6 20. Nd2
Ne5 21. f4 Nc6 22. a5 a6 23. Bf3 e5 24. fxe5 Bxe5 25. Nc4 Bg7 26. Bg5 Rd7 27.
Nb6 Rd6 28. Bf4 Rd8 29. Bg5 Rd6 30. Re1 Re6 31. Rxe6 fxe6 32. Bxc6 bxc6 33. Nd7
Bd3 34. Kf2 Kf7 35. Ke3 Bc4 36. g3 e5 37. Ke4 Ke6 38. Nb6 Bf1 39. Be3 Bf8 40.
Kf3 Bd3 41. b4 h5 42. Kf2 Be7 43. Ke1 Kf5 44. Kd2 Bf1 45. Nc8 Ke6 46. Nb6 Kf5
47. Ke1 Bd3 48. Na4 Ke4 49. Kd2 Bf1 50. Nb6 Kf3 51. Nd7 Ke4 52. Bh6 Kd5 53. Bg7
Ke6 54. Nxe5 Bg2 55. Nxg6 Bg5+ 56. Nf4+ Bxf4+ 57. gxf4 Kf5 58. Ke3 Bf1 59. Kd4
Kxf4 60. Kc5 Ke4 61. Kxc6 Bb5+ 62. Kc5 Kd3 63. Bf6 Bc4 64. Kd6 Bb5 65. Kd5 Bc4+
66. Kd6 Bb5 67. Ke6 Kc4 68. Kf7 Ba4 69. Kg6 Bd1 70. Kf5 Bg4+ 71. Ke4 Bd1 72. h3
Be2 73. Kf4 Bd1 74. Ke3 Ba4 75. Kf4 Bd1 76. Ke5 Ba4 77. Kf4 Bd1 78. Ke5 Ba4 79.
Kf4 Bd1 1/2-1/2

[Event "Lichtenberger Sommer 2024"]
[Site "Berlin"]
[Date "2024.08.12"]
[Round "3.2"]
[White "Tomin, Bogdan"]
[Black "Hesse, Henrik"]
[Result "0-1"]
[WhiteElo "2072"]
[BlackElo "2313"]
[PlyCount "80"]
[EventDate "2024.08.10"]
[WhiteTeam "SF Berlin 1903 e.V."]
[BlackTeam "SV Mattnetz Berlin e.V."]

1. e4 c5 2. Nf3 e6 3. d4 cxd4 4. Nxd4 a6 5. Bd3 Bc5 6. Nb3 Ba7 7. Qe2 Nc6 8.
Be3 Bxe3 9. Qxe3 Qc7 10. Nc3 Nf6 11. O-O-O O-O 12. f4 d6 13. Rhg1 b5 14. g4 Bb7
15. g5 Nd7 16. e5 dxe5 17. Bxh7+ Kxh7 18. Qd3+ g6 19. Qxd7 Qb6 20. Qd3 Kg7 21.
fxe5 Nxe5 22. Qe2 Nc4 23. Rg3 Rad8 24. Rgd3 Rxd3 25. Qxd3 e5 26. Nd2 Rc8 27.
Nxc4 Rxc4 28. a3 Qe6 29. Rf1 Rf4 30. Re1 e4 31. Qg3 Qf5 32. Ne2 Rg4 33. Qc3+
Kg8 34. Rd1 Qxg5+ 35. Kb1 e3 36. Qc7 Bf3 37. Rf1 Bd5 38. Rd1 Rg2 39. Nf4 Rg1
40. Rc1 Rxc1+ 0-1

[Event "Lichtenberger Sommer 2024"]
[Site "Berlin"]
[Date "2024.08.12"]
[Round "3.3"]
[White "Tschernatsch, Johannes"]
[Black "Donath, Johann"]
[Result "1-0"]
[WhiteElo "2264"]
[BlackElo "2069"]
[PlyCount "69"]
[EventDate "2024.08.10"]
[WhiteTeam "SV Babelsberg 03 e.V."]
[BlackTeam "BSV 63 Chemie Weißensee"]

1. c4 e5 2. Nc3 Nf6 3. g3 Be7 4. Bg2 O-O 5. e4 Nc6 6. Nge2 d6 7. O-O Bg4 8. h3
Bxe2 9. Nxe2 Nd7 10. d3 Bf6 11. Be3 a5 12. Qd2 a4 13. Rab1 g6 14. f4 Nd4 15.
Nxd4 exd4 16. Bf2 c6 17. b4 axb3 18. axb3 Bg7 19. Ra1 Rxa1 20. Rxa1 Nc5 21. Ra3
f5 22. exf5 gxf5 23. b4 Ne6 24. Qa2 Nc7 25. Ra7 Qb8 26. Qa5 Rf7 27. Qb6 Na8 28.
Qa5 Nc7 29. b5 Na6 30. Qb6 Qc7 31. Qxc7 Nxc7 32. Rxb7 cxb5 33. cxb5 Kf8 34. b6
Nb5 35. Rxf7+ 1-0

[Event "Lichtenberger Sommer 2024"]
[Site "Berlin"]
[Date "2024.08.12"]
[Round "3.3"]
[White "Tschernatsch, Johannes"]
[Black "Donath, Johann"]
[Result "1/2-1/2"]
[WhiteElo "2264"]
[BlackElo "2069"]
[PlyCount "116"]
[EventDate "2024.08.10"]
[WhiteTeam "SV Babelsberg 03 e.V."]
[BlackTeam "BSV 63 Chemie Weißensee"]

1. e4 e5 2. Nf3 Nc6 3. Bc4 Nf6 4. d3 Bc5 5. Nc3 h6 6. h3 a6 7. g4 Qe7 8. Qe2 d6
9. Bd2 Bd7 10. O-O-O O-O-O 11. Kb1 Be6 12. g5 hxg5 13. Bxg5 Bxc4 14. dxc4 Qe6
15. h4 Rdg8 16. Nd5 Nh5 17. Rdg1 f6 18. Be3 Bxe3 19. Qxe3 b6 20. Ne1 Kb7 21.
Nd3 Ne7 22. b3 a5 23. Kb2 Nc8 24. Qf3 c6 25. Ne3 Ne7 26. Rg4 Rd8 27. Rhg1 Rh7
28. Nc1 Ka7 29. Ne2 g6 30. Qh1 f5 31. Rxg6 Nxg6 32. exf5 Qd7 33. fxg6 Rhh8 34.
Ng3 d5 35. cxd5 cxd5 36. Nxh5 Rxh5 37. g7 Rg8 38. Qxd5 Rxg7 39. Rd1 Qxd5 40.
Rxd5 Rf7 41. Nc4 Rxh4 42. Rxe5 Rxf2 43. Re7+ Ka6 44. Re6 Rhh2 45. Kc3 Rxc2+ 46.
Kd4 Rhd2+ 47. Nxd2 Rxd2+ 48. Kc3 Rxa2 49. Re5 Rh2 50. Rg5 Rh6 51. Rf5 Rc6+ 52.
Kb2 b5 53. Rh5 Kb6 54. Rg5 b4 55. Rh5 Rc5 56. Rh6+ Kb5 57. Rh8 Rg5 58. Rc8 Rg2+
1/2-1/2

[Event "Lichtenberger Sommer 2024"]
[Site "Berlin"]
[Date "2024.08.12"]
[Round "3.4"]
[White "Herms Agullo, Jordi"]
[Black "Escher, Clemens"]
[Result "1-0"]
[WhiteElo "2043"]
[BlackElo "2198"]
[PlyCount "111"]
[EventDate "2024.08.10"]
[WhiteTeam "Granollers Chess Club"]
[BlackTeam "SK König Tegel 1949 e.V."]

1. e4 e6 2. d4 d5 3. Nc3 Nf6 4. e5 Nfd7 5. Nf3 c5 6. Bg5 Qb6 7. dxc5 Bxc5 8.
Qd2 Bxf2+ 9. Qxf2 Qxb2 10. Kd2 Qxa1 11. Bb5 Qxh1 12. Qc5 Qxg2+ 13. Kc1 Qxg5+
14. Nxg5 Nc6 15. Bxc6 bxc6 16. Qxc6 Rb8 17. Nxd5 exd5 18. e6 f6 19. Nf3 Ke7 20.
Nd4 g6 21. exd7 Bxd7 22. Qc5+ Kf7 23. Qxa7 Rbd8 24. Nc6 Ke6 25. Nxd8+ Rxd8 26.
Qb6+ Ke7 27. Qe3+ Kf7 28. Qa7 Ke6 29. a4 Rc8 30. Kd2 Rc4 31. a5 Rh4 32. Qb6+
Ke7 33. a6 Rxh2+ 34. Kc3 Rh4 35. a7 Rc4+ 36. Kd2 Bc6 37. c3 h5 38. Kd3 h4 39.
Qxc6 Rxc6 40. a8=Q Re6 41. Kd4 Re5 42. Qb7+ Ke6 43. Qc8+ Kd6 44. Qd8+ Ke6 45.
Qc8+ Kd6 46. Kd3 Re4 47. Qb8+ Ke7 48. Qg8 Kd6 49. Qxg6 Ke6 50. Qg8+ Ke5 51. Qf7
f5 52. Qe7+ Kf4 53. Qxh4+ Kf3 54. Qh5+ Kf4 55. Qf7 Ke5 56. Qe7+ 1-0

[Event "Lichtenberger Sommer 2024"]
[Site "Berlin"]
[Date "2024.08.12"]
[Round "3.5"]
[White "Kohlmeyer, Dagobert"]
[Black "Ross, Chris N"]
[Result "0-1"]
[WhiteElo "1872"]
[BlackElo "2171"]
[PlyCount "120"]
[EventDate "2024.08.10"]
[WhiteTeam "SG Weißensee 49 e.V."]
[BlackTeam "Hillsborough Chess Club"]

1. e4 c5 2. Nf3 e6 3. d4 cxd4 4. Nxd4 Nc6 5. Nb5 d6 6. c4 Nf6 7. N1c3 a6 8. Nd4
Be7 9. Be3 O-O 10. Be2 Qc7 11. O-O Ne5 12. Rc1 b6 13. f4 Ned7 14. b3 Bb7 15.
Bf3 Nc5 16. Qc2 Rfe8 17. b4 Ncd7 18. Na4 e5 19. Nf5 exf4 20. Bxf4 Bf8 21. Rfe1
Rac8 22. Qd3 Ne5 23. Bxe5 dxe5 24. a3 Qc6 25. Nb2 Red8 26. Qc3 Qe6 27. Ng3 Rd4
28. Nf5 Rd7 29. Qc2 g6 30. Ng3 Rd4 31. Rcd1 Rcd8 32. Rxd4 Rxd4 33. Rd1 Qd6 34.
Kf1 a5 35. Rxd4 Qxd4 36. Ne2 Qd6 37. bxa5 bxa5 38. a4 Qa3 39. Nc3 Bc5 40. Ke2
Bd4 41. Nbd1 Ba6 42. Nb5 Qc5 43. Nxd4 exd4 44. Nb2 Nd7 45. Kd2 Ne5 46. Be2 Kg7
47. Qb3 h5 48. h3 Nc6 49. g4 hxg4 50. hxg4 Ne5 51. Kc2 Qc6 52. Bd3 Nxg4 53. Nd1
Ne5 54. Nb2 Nd7 55. Qa3 Nc5 56. e5 Qg2+ 57. Kb1 Qg1+ 58. Ka2 Nxd3 59. Qxd3 Qe3
60. Kb3 Qxe5 0-1

[Event "Lichtenberger Sommer 2024"]
[Site "Berlin"]
[Date "2024.08.12"]
[Round "3.6"]
[White "Bui, Bao Anh Le"]
[Black "Asatryan, Tigran"]
[Result "1-0"]
[WhiteElo "2177"]
[BlackElo "2036"]
[PlyCount "95"]
[EventDate "2024.08.10"]
[WhiteTeam "SV Mattnetz Berlin e.V."]

1. e4 c5 2. Nf3 Nc6 3. Bb5 Nd4 4. Nc3 e6 5. O-O a6 6. Bd3 d6 7. Nxd4 cxd4 8.
Ne2 e5 9. c3 dxc3 10. dxc3 Nf6 11. Ng3 Ng4 12. h3 Nf6 13. Qf3 h6 14. Rd1 Be6
15. Be3 Rc8 16. Bc2 Qd7 17. a4 Be7 18. a5 O-O 19. Ba4 Qc7 20. Nf5 Bxf5 21. Qxf5
Qc4 22. Bc2 Qe2 23. Rd2 Qh5 24. Qxh5 Nxh5 25. Ra4 Rc7 26. Bb6 Rc6 27. Rb4 Rfc8
28. Ba4 Rc4 29. Bd7 Rxb4 30. Bxc8 Rxe4 31. Bxb7 Re1+ 32. Kh2 Nf6 33. Bxa6 Ra1
34. Bb5 Ne4 35. Rc2 d5 36. Bc6 Nf6 37. b4 d4 38. b5 d3 39. Rb2 Bd6 40. a6 Bb8
41. a7 Rxa7 42. Bxa7 Bxa7 43. b6 Bb8 44. Ra2 Kh7 45. Kg1 Kg6 46. Kf1 Kf5 47.
Ra8 Bd6 48. b7 1-0

[Event "Lichtenberger Sommer 2024"]
[Site "Berlin"]
[Date "2024.08.12"]
[Round "3.7"]
[White "Rath, Alina"]
[Black "Matthes, Aaron"]
[Result "0-1"]
[WhiteElo "2020"]
[BlackElo "2174"]
[PlyCount "90"]
[EventDate "2024.08.10"]
[WhiteTeam "SK König Tegel 1949 e.V."]
[BlackTeam "SC Kreuzberg e.V."]

1. c4 e6 2. g3 d5 3. Bg2 Nf6 4. Nf3 Be7 5. b3 O-O 6. O-O c5 7. e3 Nc6 8. Bb2 d4
9. exd4 cxd4 10. Re1 a5 11. Na3 Bc5 12. Nb5 Re8 13. Ne5 Nxe5 14. Rxe5 Nd7 15.
Rxc5 Nxc5 16. Bxd4 Nd3 17. Qe2 e5 18. Qxd3 exd4 19. Qxd4 Qxd4 20. Nxd4 Rd8 21.
Bd5 Ra6 22. Re1 Kf8 23. Nb5 Rb6 24. Nc3 Be6 25. d4 Rbd6 26. f3 Bxd5 27. Nxd5 b5
28. Re4 bxc4 29. bxc4 Rb8 30. Nc3 Rb2 31. d5 Rd8 32. c5 Rc2 33. Re3 Re8 34.
Rxe8+ Kxe8 35. Ne4 Rxa2 36. c6 Rc2 37. Nd6+ Kd8 38. Nb7+ Kc7 39. Nxa5 Kd6 40.
Nb7+ Kxd5 41. Nd8 f6 42. f4 g6 43. g4 Kd6 44. f5 gxf5 45. gxf5 Ke5 0-1

[Event "Lichtenberger Sommer 2024"]
[Site "Berlin"]
[Date "2024.08.12"]
[Round "3.8"]
[White "Stark, Ingo"]
[Black "Reichmann, Felix"]
[Result "0-1"]
[WhiteElo "2020"]
[BlackElo "2171"]
[PlyCount "108"]
[EventDate "2024.08.10"]
[WhiteTeam "TSG Oberschöneweide e.V."]
[BlackTeam "SV Empor Berlin e.V."]

1. e4 c5 2. Nf3 Nc6 3. d4 cxd4 4. Nxd4 Nf6 5. Nc3 d6 6. h3 g6 7. g4 Nxd4 8.
Qxd4 Bg7 9. Bg2 O-O 10. Qd3 Be6 11. O-O h5 12. g5 Nd7 13. Nd5 Nb6 14. c3 Nxd5
15. exd5 Bf5 16. Be4 Bxe4 17. Qxe4 Qd7 18. Kg2 Rac8 19. a4 Rc7 20. Re1 Rfc8 21.
a5 Be5 22. Ra4 Qb5 23. f4 Bg7 24. Rf1 Rc4 25. Rxc4 Rxc4 26. Qf3 Qb3 27. Re1 Bf8
28. Rd1 Ra4 29. Qd3 Rxa5 30. c4 Qxd3 31. Rxd3 Rc5 32. b3 b5 33. Be3 bxc4 34.
bxc4 Rxc4 35. Ra3 Rb4 36. Kf3 Rb5 37. Ke4 f5+ 38. gxf6 exf6 39. Bxa7 f5+ 40.
Kd4 Rb4+ 41. Ke3 Bh6 42. Bd4 g5 43. fxg5 Bxg5+ 44. Kd3 Kf7 45. Kc3 Rb1 46. Ra7+
Kg6 47. Rg7+ Kh6 48. Rd7 Bf4 49. Rf7 Kg5 50. Rg7+ Kh4 51. Rf7 Kxh3 52. Rxf5 Kg4
53. Rf7 h4 54. Rg7+ Kf3 0-1

[Event "Lichtenberger Sommer 2024"]
[Site "Berlin"]
[Date "2024.08.12"]
[Round "3.9"]
[White "Pueschel, Werner"]
[Black "Jahn, Thomas"]
[Result "0-1"]
[WhiteElo "2013"]
[BlackElo "2165"]
[PlyCount "129"]
[EventDate "2024.08.10"]
[WhiteTeam "vereinslos"]
[BlackTeam "SV Empor Berlin e.V."]

1. c4 e5 2. g3 Nf6 3. Bg2 c6 4. Nf3 e4 5. Nd4 d5 6. cxd5 Qxd5 7. Nc2 Qe5 8. Nc3
Be7 9. Ne3 O-O 10. Qc2 Na6 11. Nxe4 Nd5 12. d3 Nab4 13. Qb1 Nxe3 14. Bxe3 Nd5
15. Bd2 Re8 16. e3 Bf5 17. O-O Rad8 18. Qc2 Bb4 19. a3 Bxd2 20. Qxd2 Nb6 21.
Qc2 Rd7 22. Rfd1 Nc8 23. Nc5 Rde7 24. Qc3 Qc7 25. Rac1 h5 26. b4 Nd6 27. a4 h4
28. e4 Bg4 29. f3 Bc8 30. g4 f6 31. b5 Nf7 32. Qb3 b6 33. Na6 Qf4 34. d4 Be6
35. d5 cxd5 36. exd5 Bc8 37. Rc4 Qd6 38. Rc6 Qf4 39. Rc4 Qh6 40. Nb4 Nd6 41.
Rc3 Re2 42. Nc2 h3 43. Bf1 Qf4 44. Bxe2 Rxe2 45. Rxc8+ Kf7 46. Rc7+ Ke8 47. Kf1
Qxh2 48. Qe3+ Rxe3 49. Nxe3 Qf4 50. Ke2 Qxa4 51. Rxg7 Qxb5+ 52. Kf2 f5 53. Kg3
Qe2 54. Kf4 Qh2+ 55. Kg5 Qe5 56. Rg6 Qxe3+ 57. f4 Qg3 58. Kf6 fxg4 59. Rg8+ Kd7
60. Rg7+ Kd8 61. Rg8+ Ne8+ 62. Kf5 Kd7 63. Rxg4 Nd6+ 64. Kg5 Ne4+ 65. Kf5 0-1

[Event "Lichtenberger Sommer 2024"]
[Site "Berlin"]
[Date "2024.08.12"]
[Round "3.10"]
[White "Petersen, Soren Boeck"]
[Black "Geldner, Gerrit"]
[Result "0-1"]
[WhiteElo "2156"]
[BlackElo "2009"]
[PlyCount "158"]
[EventDate "2024.08.10"]
[WhiteTeam "vereinslos"]
[BlackTeam "SC Kreuzberg e.V."]

1. e4 c5 2. c3 Nf6 3. e5 Nd5 4. Nf3 d6 5. Bc4 dxe5 6. Nxe5 e6 7. O-O Bd6 8. d4
O-O 9. Qg4 cxd4 10. cxd4 Qc7 11. Nd2 Bxe5 12. dxe5 Nc6 13. Nf3 Nxe5 14. Nxe5
Qxe5 15. Rd1 Nb6 16. Bd3 Nd5 17. Bd2 f5 18. Qa4 Rd8 19. Bg5 Bd7 20. Qb3 Rdb8
21. Re1 Qd6 22. Rad1 Bc6 23. Be3 Re8 24. Bc4 a6 25. a4 Qd7 26. Bxd5 Bxd5 27.
Bf4 Qc6 28. Qg3 Qxa4 29. Be5 Qg4 30. f4 Qxg3 31. hxg3 Rac8 32. Rc1 Red8 33. Bc7
Rd7 34. Be5 Rxc1 35. Rxc1 Bc6 36. Rc2 Kf7 37. Bc3 Rd1+ 38. Kf2 g6 39. Rd2 Rxd2+
40. Bxd2 Ke7 41. Bb4+ Kd7 42. Ke3 Bxg2 43. Kd4 Kc6 44. Be7 a5 45. Bd8 Kb5 46.
Kc3 Bd5 47. Bc7 Ka4 48. Bb6 h6 49. Bd4 g5 50. fxg5 hxg5 51. Be3 g4 52. Bf4 b5
53. Bc7 b4+ 54. Kd4 Kb5 55. Be5 a4 56. Bd6 b3 57. Ba3 f4 58. gxf4 g3 59. Ke3
Kc4 60. Bd6 g2 61. Kf2 Kd3 62. Ba3 Bf3 63. Bc5 Ke4 64. Bd6 Kf5 65. Kg1 a3 66.
Bxa3 Kxf4 67. Kf2 Ke4 68. Bd6 e5 69. Bc7 Kd5 70. Bb6 e4 71. Ke1 Ke5 72. Kf2 Kf4
73. Bc7+ Kg4 74. Bb6 Kh3 75. Kg1 Be2 76. Bc7 Bf1 77. Bb6 Kg3 78. Bc5 Kf3 79.
Bd4 Ke2 0-1

[Event "Lichtenberger Sommer 2024"]
[Site "Berlin"]
[Date "2024.08.12"]
[Round "3.11"]
[White "Buttkus, Andre"]
[Black "Torosyan, Bagrat"]
[Result "0-1"]
[WhiteElo "2005"]
[BlackElo "2126"]
[PlyCount "96"]
[EventDate "2024.08.10"]
[WhiteTeam "SK Tempelhof 1931 e.V."]
[BlackTeam "TSG Oberschöneweide e.V."]

1. d4 Nf6 2. Nf3 e6 3. g3 b5 4. Bg2 Bb7 5. O-O c5 6. c3 Na6 7. Bg5 Be7 8. Nbd2
O-O 9. a3 h6 10. Bxf6 Bxf6 11. Qc2 Rc8 12. Ng5 Bxg5 13. Bxb7 Rb8 14. Bxa6 Qb6
15. dxc5 Qxa6 16. Ne4 Be7 17. Rfd1 Qc6 18. b4 f5 19. Nd6 Bf6 20. Qd3 Kh8 21.
Rab1 g6 22. c4 a6 23. cxb5 axb5 24. Qf3 Kg7 25. Rb3 Bg5 26. Rbd3 Kg8 27. h4 Bf6
28. Qxc6 dxc6 29. Re3 e5 30. h5 Kg7 31. hxg6 Kxg6 32. f4 e4 33. g4 fxg4 34.
Rxe4 Ra8 35. Rd3 Bb2 36. Re6+ Rf6 37. f5+ Kg5 38. e4 Rxe6 39. fxe6 Kf6 40. Nf5
Kxe6 41. Nxh6 Ke5 42. Nxg4+ Kxe4 43. Nf2+ Ke5 44. Rd6 Bd4 45. Rxc6 Rf8 46. Rb6
Rxf2 47. Rxb5 Kf4 48. Rb6 Kf3 0-1

[Event "Lichtenberger Sommer 2024"]
[Site "Berlin"]
[Date "2024.08.12"]
[Round "3.12"]
[White "Niehaus, Frank"]
[Black "Sabrowski, Uwe"]
[Result "1/2-1/2"]
[WhiteElo "2120"]
[BlackElo "1992"]
[PlyCount "28"]
[EventDate "2024.08.10"]
[WhiteTeam "SK König Tegel 1949 e.V."]
[BlackTeam "SC Friesen Lichtenberg e.V."]

1. e4 c5 2. a3 Nc6 3. b4 e5 4. b5 Nd4 5. c3 Ne6 6. Bc4 d6 7. d3 g6 8. Ne2 Bg7
9. O-O Ne7 10. Qb3 g5 11. Ng3 h5 12. Nf5 Bf6 13. Ra2 Rh7 14. Ne3 Nc7 1/2-1/2

[Event "Lichtenberger Sommer 2024"]
[Site "Berlin"]
[Date "2024.08.12"]
[Round "3.13"]
[White "Guenther, Thomas"]
[Black "Yatskar, Martin"]
[Result "0-1"]
[WhiteElo "1996"]
[BlackElo "2115"]
[PlyCount "64"]
[EventDate "2024.08.10"]

1. d4 d5 2. Nf3 c5 3. c4 e6 4. e3 Nf6 5. Nc3 Nc6 6. a3 dxc4 7. Bxc4 a6 8. O-O
b5 9. Bd3 Bb7 10. dxc5 Bxc5 11. b4 Bd6 12. Bb2 O-O 13. Qe2 Ne5 14. Nxe5 Bxe5
15. f4 Bc7 16. Rad1 Qe7 17. e4 Bb6+ 18. Kh1 h5 19. Qe1 Ng4 20. Rf3 f5 21. h3
Rad8 22. hxg4 hxg4 23. Rf1 g6 24. Kh2 Qh7+ 25. Kg3 g5 26. fxg5 Bc7+ 27. e5
Rxd3+ 28. Rxd3 f4+ 29. Rxf4 Qxd3+ 30. Kxg4 Rxf4+ 31. Kxf4 Bxg2 32. Qf2 Qf5+ 0-1

[Event "Lichtenberger Sommer 2024"]
[Site "Berlin"]
[Date "2024.08.12"]
[Round "3.14"]
[White "Sieglen, Joachim"]
[Black "Beran, Rolf-Dietrich"]
[Result "1/2-1/2"]
[WhiteElo "2113"]
[BlackElo "1957"]
[PlyCount "95"]
[EventDate "2024.08.10"]
[WhiteTeam "SC Untergrombach 46"]
[BlackTeam "SG Rot-Weiß Neuenhagen"]

1. d4 c5 2. d5 d6 3. c4 g6 4. e4 Bg7 5. h3 Nf6 6. Nc3 O-O 7. Nf3 e6 8. Bd3 exd5
9. cxd5 Na6 10. O-O Rb8 11. Re1 Nc7 12. a4 a6 13. Rb1 b5 14. axb5 axb5 15. b4
c4 16. Bc2 Nd7 17. Nd4 Qh4 18. Nf3 Qe7 19. Ne2 Ne5 20. Ned4 Nxf3+ 21. Nxf3 f6
22. Bb2 Bb7 23. Bd4 Ra8 24. Bb6 Ra6 25. Ba5 Re8 26. Qd2 h5 27. Nd4 Rxa5 28.
bxa5 Ba6 29. Nc6 Qf7 30. Nb4 Qd7 31. Red1 Kh7 32. Re1 Rd8 33. Qe3 Re8 34. Qb6
Ra8 35. Re2 Bf8 36. Rf1 Bg7 37. Rb1 Bf8 38. Re3 Bh6 39. Ree1 Bd2 40. Red1 Bxb4
41. Rxb4 Re8 42. Rbb1 Kg7 43. Re1 Re7 44. Ra1 Re8 45. Rad1 Bc8 46. f4 Na8 47.
Qd4 Qc7 48. Rc1 1/2-1/2

[Event "Lichtenberger Sommer 2024"]
[Site "Berlin"]
[Date "2024.08.12"]
[Round "3.15"]
[White "Shvedchikov, Sergei"]
[Black "Amelang, Thomas"]
[Result "0-1"]
[WhiteElo "1993"]
[BlackElo "2106"]
[PlyCount "126"]
[EventDate "2024.08.10"]
[BlackTeam "Münchener SC 1836 e.V."]

1. f3 g6 2. d4 Bg7 3. e4 c5 4. c3 cxd4 5. cxd4 d5 6. Bb5+ Bd7 7. Bxd7+ Qxd7 8.
e5 Nc6 9. Ne2 h5 10. Nbc3 Nh6 11. Qb3 Nf5 12. f4 Rd8 13. Qd1 Qc7 14. Qd3 Qb6
15. O-O e6 16. Be3 Nb4 17. Qd2 Nxe3 18. Qxe3 Nc2 19. Qd3 Nxa1 20. Rxa1 Bf8 21.
a3 Be7 22. Na4 Qc6 23. Qd1 b6 24. h3 h4 25. Kh2 Rc8 26. Nac3 b5 27. Rc1 Qd7 28.
Qb3 a6 29. Rf1 Rc4 30. Rf3 b4 31. axb4 Rxb4 32. Qc2 Qc6 33. Qd2 Kd7 34. Nd1 Qb6
35. Rd3 Rc8 36. Rc3 Rxc3 37. bxc3 Rb1 38. c4 Qb4 39. Ndc3 Rb2 40. Qc1 dxc4 41.
d5 Bc5 42. Qd1 Kc7 43. dxe6 fxe6 44. f5 gxf5 45. Nd4 Bxd4 46. Qxd4 Kc6 47. Na4
Rd2 48. Qxh4 Qxa4 49. Qe7 Qc2 50. Qxe6+ Kb5 51. Qe8+ Ka5 52. Qc6 Qe4 53. Qc7+
Ka4 54. Qg7 Qf4+ 55. Qg3 Qxg3+ 56. Kxg3 c3 57. Kf4 c2 58. g4 fxg4 59. hxg4 c1=Q
60. Kf5 Rf2+ 61. Kg6 Qf4 62. g5 Qf7+ 63. Kh6 Rh2# 0-1

[Event "Lichtenberger Sommer 2024"]
[Site "Berlin"]
[Date "2024.08.12"]
[Round "3.16"]
[White "Fock, Madiha"]
[Black "Pererva, Viktor"]
[Result "0-1"]
[WhiteElo "1922"]
[BlackElo "2100"]
[PlyCount "114"]
[EventDate "2024.08.10"]
[WhiteTeam "TSG Oberschöneweide e.V."]
[BlackTeam "SV Mattnetz Berlin e.V."]

1. e4 e5 2. Nf3 Nf6 3. Nc3 Bb4 4. Nxe5 O-O 5. d4 Nxe4 6. Qd3 d5 7. Be2 f6 8.
Nc4 Bf5 9. Qf3 Bg6 10. Nd2 Bxc3 11. bxc3 Ng5 12. Qg3 Re8 13. f3 Qe7 14. Qf2
Bxc2 15. Kf1 Nd7 16. Bb2 Nb6 17. Rc1 Bg6 18. h4 Ne6 19. g3 Na4 20. Ba1 Qa3 21.
Kg2 Qxa2 22. Bd1 Nb6 23. h5 Bd3 24. h6 g6 25. Bb3 Qa3 26. Rce1 Nc4 27. Bxc4
Bxc4 28. Nxc4 dxc4 29. Bb2 Qf8 30. Ra1 Qe7 31. Ba3 c6 32. Rhb1 b6 33. Ra2 Nc7
34. Rc2 Nd5 35. Kg1 Qe6 36. Bc1 Qe1+ 37. Kg2 Qxf2+ 38. Kxf2 a5 39. Bf4 a4 40.
Ra1 b5 41. Bd2 Re6 42. Re1 Rae8 43. Rxe6 Rxe6 44. Ra2 Kf7 45. f4 f5 46. Kf3 Nf6
47. Ra1 Re8 48. Rh1 Ra8 49. Ra1 Ne4 50. Be1 Ke6 51. Ke3 Kd5 52. Ra2 c5 53. dxc5
Kxc5 54. Ra1 Rd8 55. Ke2 Rd3 56. Rd1 a3 57. Ra1 Nxc3+ 0-1

[Event "Lichtenberger Sommer 2024"]
[Site "Berlin"]
[Date "2024.08.12"]
[Round "3.17"]
[White "Pixa, Richard"]
[Black "Arikan, Yanki"]
[Result "1-0"]
[WhiteElo "2099"]
[BlackElo "1573"]
[PlyCount "51"]
[EventDate "2024.08.10"]
[WhiteTeam "SV Mattnetz Berlin e.V."]
[BlackTeam "vereinslos"]

1. e4 e6 2. d4 d5 3. Nd2 c5 4. Ngf3 cxd4 5. Nxd4 Nc6 6. Bb5 Bd7 7. Nxc6 bxc6 8.
Bd3 Bd6 9. Qe2 Ne7 10. e5 Bc7 11. Nf3 Ng6 12. O-O O-O 13. c4 c5 14. Bg5 Qb8 15.
Rae1 Qb6 16. h4 dxc4 17. Bxc4 Bc6 18. Bd3 Bxf3 19. Qxf3 Qxb2 20. Re2 Qd4 21.
Rd1 Kh8 22. Bc2 Qb4 23. Rd7 Bxe5 24. h5 f6 25. Bd2 Nh4 26. Qd3 1-0

[Event "Lichtenberger Sommer 2024"]
[Site "Berlin"]
[Date "2024.08.12"]
[Round "3.19"]
[White "Schulz, Michael"]
[Black "Argote, Carlos David"]
[Result "1-0"]
[WhiteElo "2109"]
[BlackElo "1941"]
[PlyCount "127"]
[EventDate "2024.08.10"]
[WhiteTeam "SC Zitadelle Spandau 1977 e.V."]

1. d4 Nf6 2. Bg5 Ne4 3. Bf4 c5 4. d5 e6 5. f3 Nf6 6. c4 exd5 7. cxd5 d6 8. e4
a6 9. a4 g6 10. Nc3 Bg7 11. Bc4 O-O 12. Nge2 Nh5 13. Be3 Nd7 14. O-O Ne5 15.
Bb3 Rb8 16. h3 b5 17. axb5 axb5 18. f4 Nd7 19. g4 b4 20. Nb1 Nhf6 21. Nd2 Qe7
22. Ng3 Nxe4 23. Ndxe4 f5 24. gxf5 gxf5 25. Nxd6 Qxd6 26. Kh2 Bxb2 27. Rg1 Kh8
28. Ra2 Bc3 29. Qd3 Nb6 30. Qb5 Nxd5 31. Qxc5 Qxc5 32. Bxc5 Rd8 33. Ne2 Bf6 34.
Nd4 Nxf4 35. Nc6 Bb7 36. Nxb8 Nd3 37. Bd6 Be5+ 38. Bxe5+ Nxe5 39. Kg3 Rxb8 40.
Ra5 Nc6 41. Rb5 Nd4 42. Rxb4 Nxb3 43. Rxb3 Rg8+ 44. Kf2 Rxg1 45. Kxg1 Be4 46.
Kf2 Kg7 47. Rb6 f4 48. Rb4 Bf5 49. h4 h5 50. Kf3 Bg4+ 51. Kxf4 Kf6 52. Rb6+ Kf7
53. Ke5 Bh3 54. Rh6 Bg4 55. Kf4 Kg7 56. Kg5 Be2 57. Re6 Bg4 58. Re7+ Kf8 59.
Kf6 Kg8 60. Rg7+ Kf8 61. Rb7 Kg8 62. Kg6 Kf8 63. Rf7+ Kg8 64. Rf2 1-0

[Event "Lichtenberger Sommer 2024"]
[Site "Berlin"]
[Date "2024.08.12"]
[Round "3.20"]
[White "Matviienko, Mykhailo"]
[Black "Besbudak, Özgür"]
[Result "1/2-1/2"]
[WhiteElo "2102"]
[BlackElo "1889"]
[PlyCount "119"]
[EventDate "2024.08.10"]
[WhiteTeam "SK Zehlendorf e.V."]
[BlackTeam "SF Berlin 1903 e.V."]

1. c4 Nf6 2. g3 g6 3. Bg2 Bg7 4. Nf3 O-O 5. O-O d6 6. Nc3 e5 7. Rb1 Nc6 8. b4
Nh5 9. d3 f5 10. Nd5 Ne7 11. Bg5 Nf6 12. Nxf6+ Bxf6 13. Bxf6 Rxf6 14. a4 a5 15.
bxa5 Rxa5 16. Nd2 b6 17. Rb5 Bd7 18. Qb3 Kg7 19. Ra1 Nc6 20. Bxc6 Bxc6 21. Qa2
Qd7 22. d4 exd4 23. Nb3 f4 24. Nxa5 fxg3 25. hxg3 bxa5 26. Rb3 Qh3 27. f3 Qxg3+
28. Kf1 Rf4 29. e4 Bxe4 30. Qg2 Rxf3+ 31. Rxf3 Qxf3+ 32. Qxf3 Bxf3 33. Kf2 Bc6
34. Rd1 Bxa4 35. Ra1 Bb3 36. Rxa5 Bxc4 37. Ra7 d5 38. Rxc7+ Kh6 39. Kf3 d3 40.
Ke3 g5 41. Rb7 Kg6 42. Rb6+ Kh5 43. Rb2 Kg4 44. Rg2+ Kf5 45. Rf2+ Kg6 46. Rf8
h5 47. Rf2 h4 48. Rf8 Kh5 49. Rf2 h3 50. Kf3 Kh4 51. Rb2 g4+ 52. Kf4 Kh5 53.
Kf5 g3 54. Rb8 Kh6 55. Kf6 Kh7 56. Rb7+ Kh6 57. Rb8 Kh7 58. Rb7+ Kh6 59. Rb8
Kh7 60. Rb7+ 1/2-1/2

[Event "Lichtenberger Sommer 2024"]
[Site "Berlin"]
[Date "2024.08.12"]
[Round "3.21"]
[White "Fartmann, Oliver"]
[Black "Hoppe, Arthur"]
[Result "1-0"]
[WhiteElo "2093"]
[BlackElo "1913"]
[PlyCount "29"]
[EventDate "2024.08.10"]
[WhiteTeam "SV Mattnetz Berlin e.V."]
[BlackTeam "SC Kreuzberg e.V."]

1. d4 d5 2. c4 e6 3. Nf3 Nf6 4. Nc3 dxc4 5. e3 a6 6. Bxc4 b5 7. Bd3 Bb7 8. O-O
Be7 9. Qe2 c5 10. dxc5 Bxc5 11. Bxb5+ axb5 12. Qxb5+ Qd7 13. Qxc5 Bxf3 14. gxf3
Qb7 15. Qb5+ 1-0

[Event "Lichtenberger Sommer 2024"]
[Site "Berlin"]
[Date "2024.08.12"]
[Round "3.22"]
[White "Witte, Ronald"]
[Black "Vogel, Robert"]
[Result "1/2-1/2"]
[WhiteElo "1972"]
[BlackElo "2079"]
[PlyCount "41"]
[EventDate "2024.08.10"]
[WhiteTeam "BSV 63 Chemie Weißensee"]
[BlackTeam "SK München Südost e.V."]

1. e4 g6 2. d4 Bg7 3. Nf3 d6 4. Bc4 Nf6 5. Qe2 O-O 6. e5 dxe5 7. dxe5 Nd5 8. h3
c6 9. O-O a5 10. a4 Na6 11. Rd1 Nac7 12. Bxd5 cxd5 13. c4 e6 14. Nc3 b6 15. Be3
Ba6 16. Bxb6 Qb8 17. Bxc7 Qxc7 18. Nb5 Qxc4 19. Qxc4 dxc4 20. Nc7 Ra7 21. Nxa6
1/2-1/2